[Event "FIDE World Cup 2021"]
[Site "Krasnaya Polyana RUS"]
[Date "2021.07.13"]
[Round "1.2"]
[White "Prudente, Elmer"]
[Black "Sjugirov, Sanan"]
[Result "0-1"]
[WhiteElo "1998"]
[BlackElo "2661"]
[PlyCount "91"]
[EventDate "2021.07.12"]

1. e4 c5 2. Nf3 d6 3. d4 cxd4 4. Nxd4 Nf6 5. Nc3 a6 6. Be2 e5 7. Nb3 Be7 8. Be3
Be6 9. O-O O-O 10. Qd2 Nbd7 11. a4 Rc8 12. f3 Nb6 13. a5 Nc4 14. Bxc4 Rxc4 15.
Nd5 Nxd5 16. exd5 Bd7 17. c3 f5 18. Rfe1 Bb5 19. Nc1 Qc8 20. Na2 Bh4 21. Bf2
Bxf2+ 22. Qxf2 Ra4 23. Qb6 Qc4 24. Nb4 Rxa1 25. Rxa1 Qe2 26. Qf2 Rc8 27. Re1
Qxf2+ 28. Kxf2 Kf7 29. h4 Bc4 30. f4 Kf6 31. Kf3 Bb3 32. g4 fxg4+ 33. Kxg4 Rc4
34. Rf1 Re4 35. Rf2 Bd1+ 36. Kg3 Re3+ 37. Kg2 e4 38. Nc2 Rd3 39. Nd4 Bg4 40.
Rc2 e3 41. Nf3 Rxd5 42. Re2 Rd2 43. Nxd2 Bxe2 44. Ne4+ Ke6 45. Ng3 Bg4 46. Ne4
0-1

[Event "FIDE World Cup 2021"]
[Site "Krasnaya Polyana RUS"]
[Date "2021.07.13"]
[Round "1.2"]
[White "Adhiban, Baskaran"]
[Black "Chipanga, Chiletso"]
[Result "1-0"]
[WhiteElo "2660"]
[BlackElo "2103"]
[PlyCount "99"]
[EventDate "2021.07.12"]

1. d4 d5 2. Bf4 Nf6 3. e3 Bf5 4. c4 e6 5. Nc3 c6 6. Qb3 Qb6 7. c5 Qxb3 8. axb3
Nbd7 9. b4 Nh5 10. Bg3 Nxg3 11. hxg3 e5 12. Nf3 exd4 13. Nxd4 Bg6 14. b5 Bxc5
15. bxc6 bxc6 16. Nxc6 O-O 17. Nxd5 Be4 18. Rd1 Rfe8 19. Bd3 Bxd3 20. Rxd3 Rac8
21. Nd4 Ne5 22. Rd1 Bxd4 23. Rxd4 Rc1+ 24. Rd1 Rxd1+ 25. Kxd1 Nd3 26. Ke2 Nxb2
27. Ra1 Rb8 28. Rxa7 h6 29. Rc7 Rb5 30. e4 Na4 31. Ne7+ Kh7 32. Nf5 Nc5 33. f3
Rb2+ 34. Kf1 Rb1+ 35. Ke2 Rb2+ 36. Kd1 Nd3 37. Rxf7 Rxg2 38. Rxg7+ Kh8 39. Rg6
Nb2+ 40. Kc1 Nd3+ 41. Kb1 Rb2+ 42. Ka1 Rf2 43. Rxh6+ Kg8 44. f4 Nc5 45. e5 Re2
46. Rc6 Nd3 47. Rg6+ Kh7 48. Rh6+ Kg8 49. e6 Nc5 50. e7 1-0

[Event "FIDE World Cup 2021"]
[Site "Krasnaya Polyana RUS"]
[Date "2021.07.13"]
[Round "1.2"]
[White "Subramaniam, Sumant"]
[Black "Sevian, Samuel"]
[Result "0-1"]
[WhiteElo "2155"]
[BlackElo "2647"]
[PlyCount "66"]
[EventDate "2021.07.12"]

1. d4 Nf6 2. c4 g6 3. g3 Bg7 4. Bg2 O-O 5. Nf3 d6 6. O-O Nbd7 7. Nc3 e5 8. e4
exd4 9. Nxd4 Re8 10. h3 Nc5 11. Re1 Bd7 12. Bf4 h6 13. Nb3 Ne6 14. Be3 Ng5 15.
e5 Rxe5 16. f4 Nxh3+ 17. Bxh3 Rxe3 18. Rxe3 Bxh3 19. Qf3 c6 20. Rae1 a5 21. Na4
Bg4 22. Qg2 d5 23. c5 Ne4 24. Kh2 h5 25. Nd2 Nf6 26. Nb6 Rb8 27. Nf3 d4 28. Ra3
Bf8 29. Rxa5 Nd5 30. Ne5 Nxb6 31. b4 Nd5 32. Qd2 Ne3 33. Ra3 Bf5 0-1

[Event "FIDE World Cup 2021"]
[Site "Krasnaya Polyana RUS"]
[Date "2021.07.13"]
[Round "1.2"]
[White "Liyanage, Ranindu Dilshan"]
[Black "Oparin, Grigoriy"]
[Result "0-1"]
[WhiteElo "2203"]
[BlackElo "2654"]
[PlyCount "100"]
[EventDate "2021.07.12"]

1. e4 c5 2. Nf3 d6 3. d4 cxd4 4. Nxd4 Nf6 5. Nc3 Nc6 6. Bg5 e6 7. Qd2 a6 8.
O-O-O Bd7 9. f3 Nxd4 10. Qxd4 Be7 11. Bxf6 Bxf6 12. Qxd6 Qe7 13. e5 Qxd6 14.
exd6 Bxc3 15. bxc3 Rc8 16. c4 Ba4 17. Rd4 Kd7 18. Bd3 Rc5 19. Be4 Bc6 20. Bd3
g6 21. Be2 Rc8 22. Rf4 f5 23. Rh4 h5 24. Rd1 Bd5 25. Rdd4 b5 26. cxd5 Rxc2+ 27.
Kd1 e5 28. Rb4 Rc1+ 29. Kd2 R8c2+ 30. Kd3 Rxa2 31. g4 Re1 32. gxf5 gxf5 33.
Rxh5 Rexe2 34. Rxf5 Kxd6 35. Re4 Red2+ 36. Kc3 Kc5 37. Rf8 Rac2+ 38. Kb3 Rb2+
39. Ka3 a5 40. Rc8+ Kxd5 41. Rd8+ Kc6 42. Rxd2 Rxd2 43. Rxe5 Rd3+ 44. Kb2 Rxf3
45. Rh5 a4 46. Rh8 Kc5 47. Rh7 Kb4 48. Rh4+ Ka5 49. Rh8 a3+ 50. Ka2 Ka4 0-1

[Event "FIDE World Cup 2021"]
[Site "Krasnaya Polyana RUS"]
[Date "2021.07.13"]
[Round "1.2"]
[White "Kuzubov, Yuriy"]
[Black "Kassis, Antoine LIB"]
[Result "1-0"]
[WhiteElo "2653"]
[BlackElo "2205"]
[PlyCount "78"]
[EventDate "2021.07.12"]

1. d4 Nf6 2. Nf3 d5 3. c4 c6 4. Nc3 dxc4 5. a4 Bf5 6. Nh4 Bc8 7. e3 e5 8. Bxc4
exd4 9. exd4 Be7 10. O-O O-O 11. Re1 Nd5 12. Nf3 Be6 13. Ne5 Nd7 14. Nxd5 cxd5
15. Bd3 Nxe5 16. dxe5 Qd7 17. Be3 a6 18. Bd4 Bf5 19. Bxf5 Qxf5 20. Qb3 Qe6 21.
Rac1 Rfb8 22. f4 h5 23. Rf1 Qf5 24. Rc7 Qe4 25. Rd1 Bf8 26. Qe3 b5 27. a5 Qxe3+
28. Bxe3 Bb4 29. Bb6 Rd8 30. Kf2 Rac8 31. Rcc1 Rxc1 32. Rxc1 Ra8 33. Ke3 Kh7
34. Rc6 Re8 35. Kd4 Bd2 36. g3 h4 37. Rc2 Bb4 38. gxh4 Be1 39. Rc7 Bf2+ 1-0

[Event "FIDE World Cup 2021"]
[Site "Krasnaya Polyana RUS"]
[Date "2021.07.13"]
[Round "1.2"]
[White "Onischuk, Alexander"]
[Black "Salih, Akar Ali Salih"]
[Result "1-0"]
[WhiteElo "2649"]
[BlackElo "2274"]
[PlyCount "39"]
[EventDate "2021.07.12"]

1. d4 Nf6 2. Nf3 e6 3. c4 b6 4. g3 Bb7 5. Bg2 c5 6. d5 exd5 7. cxd5 Bxd5 8. Nc3
Bc6 9. O-O Be7 10. e4 Nxe4 11. Nd5 d6 12. Re1 f5 13. Ng5 Bxg5 14. Bxe4 fxe4 15.
Rxe4+ Kf8 16. Bxg5 Qxg5 17. Qf3+ Kg8 18. h4 Qd8 19. Re7 Qf8 20. Qb3 1-0

[Event "FIDE World Cup 2021"]
[Site "Krasnaya Polyana RUS"]
[Date "2021.07.13"]
[Round "1.2"]
[White "Mwali, Chitumbo"]
[Black "Martirosyan, Haik M."]
[Result "1-0"]
[WhiteElo "2281"]
[BlackElo "2632"]
[PlyCount "79"]
[EventDate "2021.07.12"]

1. c4 e5 2. g3 Nf6 3. Bg2 d5 4. cxd5 Nxd5 5. Nf3 Nc6 6. O-O Nb6 7. d3 Be7 8. a3
Be6 9. Nbd2 f6 10. b3 Qd7 11. Re1 Bh3 12. Bh1 h5 13. Bb2 h4 14. Rc1 hxg3 15.
fxg3 Be6 16. b4 a5 17. b5 Na7 18. a4 c6 19. d4 cxb5 20. axb5 Qxb5 21. Ba1 Nc6
22. dxe5 f5 23. Nd4 Nxd4 24. Bxd4 Rd8 25. e3 Nd5 26. Nc4 f4 27. Nd6+ Bxd6 28.
exd6 fxg3 29. hxg3 Nf6 30. Rc5 Qb4 31. Rc7 Bd7 32. Bc5 Qb2 33. Bg2 Ne4 34. Re2
Qf6 35. Bxe4 Bg4 36. Qa4+ b5 37. Bc6+ Kf8 38. Qxg4 Qa1+ 39. Kf2 Rh2+ 40. Bg2
1-0

[Event "FIDE World Cup 2021"]
[Site "Krasnaya Polyana RUS"]
[Date "2021.07.13"]
[Round "1.2"]
[White "Saric, Ivan"]
[Black "Miguel, Sergio"]
[Result "1-0"]
[WhiteElo "2653"]
[BlackElo "2286"]
[PlyCount "105"]
[EventDate "2021.07.12"]

1. e4 e5 2. Nf3 Nc6 3. Bb5 Nf6 4. O-O Bc5 5. Nxe5 Nxe5 6. d4 a6 7. dxe5 axb5 8.
exf6 Qxf6 9. Nc3 c6 10. e5 Qf5 11. Qf3 Qxf3 12. gxf3 d5 13. exd6 Bxd6 14. Re1+
Be7 15. Bf4 Be6 16. Ne4 O-O 17. Bd6 Bxd6 18. Nxd6 Rfd8 19. Nxb7 Rd2 20. Nc5
Rxc2 21. Nxe6 fxe6 22. Rxe6 Kf7 23. Rae1 Ra7 24. a3 Rxb2 25. Rxc6 Rb3 26. Re5
Rbxa3 27. Rf5+ Ke7 28. Rb6 Rb3 29. Kg2 Rb2 30. Rfxb5 Rxb5 31. Rxb5 Kf6 32. h4
g6 33. f4 Ra4 34. Kg3 Ra3+ 35. f3 h5 36. Rg5 Ra1 37. f5 gxf5 38. Rxh5 Ke5 39.
Rh8 Rg1+ 40. Kf2 Rh1 41. Kg2 Ra1 42. Rb8 Kf4 43. Rb4+ Ke3 44. h5 Ra8 45. h6
Rg8+ 46. Kh3 Kxf3 47. h7 Rh8 48. Rb7 f4 49. Rf7 Ke2 50. Kg4 f3 51. Kg3 Ke3 52.
Re7+ Kd4 53. Kxf3 1-0

[Event "FIDE World Cup 2021"]
[Site "Krasnaya Polyana RUS"]
[Date "2021.07.13"]
[Round "1.2"]
[White "Concio, Michael Jr."]
[Black "Aravindh, Chithambaram VR."]
[Result "0-1"]
[WhiteElo "2297"]
[BlackElo "2641"]
[PlyCount "80"]
[EventDate "2021.07.12"]

1. e4 c6 2. c3 d5 3. Bd3 e5 4. exd5 Nf6 5. Bc2 cxd5 6. d4 e4 7. Ne2 Bd6 8. Bf4
Bg4 9. Bxd6 Qxd6 10. h3 Bxe2 11. Qxe2 Nc6 12. O-O O-O 13. Nd2 Rae8 14. Rfe1 Re7
15. Nf1 g6 16. Ne3 a6 17. a4 Rd8 18. Bb3 h5 19. Red1 h4 20. Ba2 Qf4 21. b4 Red7
22. b5 axb5 23. Qxb5 Ne7 24. Rd2 Nf5 25. Qe2 Kg7 26. Rb1 Rc7 27. Rc2 Qd6 28.
Nxf5+ gxf5 29. Rcb2 Qf4 30. Rc2 Qg5 31. Kh1 Nh5 32. Rg1 Rd6 33. c4 Rg6 34. Rc3
Kh6 35. Qe3 f4 36. Qc1 e3 37. Rc2 Re7 38. Re2 exf2 39. Rxf2 Ng3+ 40. Kh2 Ne2
0-1

[Event "FIDE World Cup 2021"]
[Site "Krasnaya Polyana RUS"]
[Date "2021.07.13"]
[Round "1.2"]
[White "Sarana, Alexey"]
[Black "Ajibola, Olanrewaju"]
[Result "1-0"]
[WhiteElo "2640"]
[BlackElo "2302"]
[PlyCount "109"]
[EventDate "2021.07.12"]

1. e4 e5 2. Nf3 Nf6 3. Nxe5 d6 4. Nd3 Nxe4 5. Qe2 Qe7 6. Nf4 Nf6 7. d4 Qxe2+ 8.
Bxe2 Bf5 9. c3 Be7 10. Nd2 h6 11. Nf1 c6 12. h4 Nbd7 13. f3 Nb6 14. g4 Bd7 15.
Ne3 O-O-O 16. Bd3 Rde8 17. Kf2 d5 18. a4 Bd6 19. Nf5 Bxf5 20. Bxf5+ Kc7 21. Ng2
a5 22. Bd3 Re6 23. h5 Rhe8 24. Nh4 c5 25. Nf5 c4 26. Bf1 Bf8 27. Bf4+ Kc6 28.
b3 Ng8 29. bxc4 dxc4 30. Ne3 Bd6 31. Bxd6 Rxe3 32. Be5 R8xe5 33. dxe5 Rxc3 34.
Bg2 Ne7 35. f4+ Kc5 36. Rab1 Rb3 37. Rhc1 Rb4 38. f5 Nbd5 39. Be4 f6 40. e6 b6
41. Bxd5 Nxd5 42. Rd1 c3 43. Rxd5+ Kxd5 44. Rd1+ Kc6 45. Re1 Rxa4 46. e7 Rxg4
47. e8=Q+ Kc5 48. Qc8+ Kb5 49. Qxc3 Rf4+ 50. Ke3 Rc4 51. Qb3+ Kc5 52. Rb1 Rb4
53. Rc1+ Kb5 54. Qd5+ Ka6 55. Rc8 1-0

[Event "FIDE World Cup 2021"]
[Site "Krasnaya Polyana RUS"]
[Date "2021.07.13"]
[Round "1.2"]
[White "Elarabi, Abobker Mohamed"]
[Black "Motylev, Alexander"]
[Result "0-1"]
[WhiteElo "2307"]
[BlackElo "2639"]
[PlyCount "104"]
[EventDate "2021.07.12"]

1. d4 Nf6 2. c4 e6 3. Nf3 d5 4. Nc3 c6 5. e3 Nbd7 6. Bd3 dxc4 7. Bxc4 b5 8. Bd3
a6 9. O-O c5 10. dxc5 Nxc5 11. Bc2 Qxd1 12. Rxd1 Bb7 13. Ne5 Rc8 14. a3 Be7 15.
Bd2 Bd6 16. Nf3 Ke7 17. b4 Nce4 18. Nxe4 Nxe4 19. Bxe4 Bxe4 20. Rdc1 Bxf3 21.
gxf3 Be5 22. Rxc8 Rxc8 23. Ra2 g5 24. h3 Rc4 25. e4 Bf4 26. Be1 Rc1 27. Kf1 Be5
28. Ke2 Bc3 29. Bd2 Bxd2 30. Kxd2 Rc4 31. Ra1 Kf6 32. Rh1 Kg6 33. h4 f6 34. Rg1
h6 35. Kd3 e5 36. Rh1 h5 37. Rg1 Kh6 38. hxg5+ fxg5 39. Rh1 h4 40. f4 exf4 41.
e5 Kg6 42. f3 Kf5 43. Re1 Rc6 44. Kd4 Re6 45. Kd5 h3 46. Re2 h2 47. Rxh2 Rxe5+
48. Kc6 Re3 49. Ra2 Rxf3 50. Kb6 Re3 51. Kxa6 f3 52. Kxb5 Re2 0-1

[Event "FIDE World Cup 2021"]
[Site "Krasnaya Polyana RUS"]
[Date "2021.07.13"]
[Round "1.2"]
[White "Tari, Aryan"]
[Black "Barrish, Daniel"]
[Result "1-0"]
[WhiteElo "2639"]
[BlackElo "2313"]
[PlyCount "85"]
[EventDate "2021.07.12"]

1. c4 e5 2. g3 c6 3. Nf3 e4 4. Nd4 d5 5. cxd5 Qxd5 6. Nc2 Nf6 7. Nc3 Qe5 8. Bg2
Na6 9. O-O Be7 10. Nxe4 Nxe4 11. f4 Bc5+ 12. d4 Qe7 13. dxc5 Naxc5 14. Qd4 f5
15. b4 Nd7 16. Ne3 Ndf6 17. Qe5 g6 18. Bb2 Rf8 19. Rad1 Be6 20. g4 Nd5 21. Nc4
Nxb4 22. Na5 b6 23. Bxe4 fxe4 24. Nb7 Bd5 25. Nd6+ Kd7 26. Nxe4 Rae8 27. Rf3
Qxe5 28. Bxe5 Rxe5 29. fxe5 Rxf3 30. exf3 Ke6 31. f4 Bxe4 32. Rd6+ Ke7 33. Rd4
Bf3 34. Rxb4 Bxg4 35. Kf2 Be6 36. Ke3 Bd5 37. f5 gxf5 38. Rh4 Bxa2 39. Rxh7+
Bf7 40. Kf4 Ke6 41. Rh6+ Kd5 42. Kxf5 a5 43. e6 1-0

[Event "FIDE World Cup 2021"]
[Site "Krasnaya Polyana RUS"]
[Date "2021.07.13"]
[Round "1.2"]
[White "Quizon, Daniel"]
[Black "Bareev, Evgeny"]
[Result "1/2-1/2"]
[WhiteElo "2319"]
[BlackElo "2638"]
[PlyCount "69"]
[EventDate "2021.07.12"]

1. e4 e6 2. d4 d5 3. Nd2 c5 4. exd5 exd5 5. Ngf3 Nf6 6. Bb5+ Bd7 7. Bxd7+ Nbxd7
8. O-O Be7 9. Re1 O-O 10. Nf1 Re8 11. c3 Qb6 12. Qc2 cxd4 13. Nxd4 Bc5 14. Be3
Ne5 15. b4 Bf8 16. Nf5 Qc7 17. Bd4 g6 18. N5e3 Bg7 19. Rad1 Rad8 20. h3 Re6 21.
Qb3 a6 22. b5 axb5 23. Qxb5 Qc6 24. Qb3 Nc4 25. Rb1 Ne4 26. Bxg7 Kxg7 27. Nxc4
dxc4 28. Qxb7 Qxb7 29. Rxb7 Rd3 30. Rc7 Rxc3 31. Ne3 Nd6 32. Nf5+ Kf6 33. Ne3
Kg7 34. Nf5+ Kf6 35. Ne3 1/2-1/2

[Event "FIDE World Cup 2021"]
[Site "Krasnaya Polyana RUS"]
[Date "2021.07.13"]
[Round "1.2"]
[White "Jumabayev, Rinat"]
[Black "Eiti, Bashir"]
[Result "1-0"]
[WhiteElo "2637"]
[BlackElo "2340"]
[PlyCount "111"]
[EventDate "2021.07.12"]

1. c4 d6 2. Nc3 e5 3. g3 h5 4. Nf3 Be7 5. d4 exd4 6. Nxd4 h4 7. Bg2 Nd7 8. Bf4
h3 9. Bf3 g5 10. Be3 Ne5 11. Qb3 c5 12. Nc2 Nxf3+ 13. exf3 b5 14. Qxb5+ Bd7 15.
Qa6 Rb8 16. O-O-O Bc8 17. Qxa7 Bb7 18. Bxc5 Rh6 19. Nd5 Bxd5 20. Qa4+ Kf8 21.
Rxd5 Nf6 22. Rd3 Nd7 23. Bd4 Bf6 24. Rhd1 Bxd4 25. Rxd4 Qc7 26. Qa3 Nc5 27. Ne3
Re6 28. Rd5 f6 29. R1d2 Kf7 30. Qc3 Ra8 31. a3 Qb6 32. b4 Nd7 33. c5 Qb7 34. c6
Qc7 35. Qc2 Nf8 36. R5d3 d5 37. b5 Qe5 38. Qb2 d4 39. Rxd4 Qc5+ 40. Rc4 Qe7 41.
Rc3 Rc8 42. Qb3 Qe8 43. Kb2 Kg7 44. a4 Kh8 45. a5 Re5 46. a6 Rxb5 47. Qxb5 Rb8
48. Qb7 Rxb7+ 49. cxb7 Qb8 50. Rd5 Qa7 51. Rb3 Qxa6 52. b8=Q Qe2+ 53. Nc2 Kg7
54. Rb7+ Kg6 55. Qxf8 Kh5 56. g4+ 1-0

[Event "FIDE World Cup 2021"]
[Site "Krasnaya Polyana RUS"]
[Date "2021.07.13"]
[Round "1.2"]
[White "Makoto, Rodwell"]
[Black "Kovalev, Vladislav"]
[Result "0-1"]
[WhiteElo "2352"]
[BlackElo "2637"]
[PlyCount "78"]
[EventDate "2021.07.12"]

1. Nf3 Nf6 2. g3 g6 3. Bg2 Bg7 4. d4 O-O 5. c4 d6 6. Nc3 Nbd7 7. O-O e5 8. e4
a6 9. h3 exd4 10. Nxd4 Rb8 11. Be3 Re8 12. Re1 Ne5 13. b3 c5 14. Nde2 b5 15. f4
Ned7 16. Qxd6 b4 17. e5 bxc3 18. Nxc3 Nh5 19. g4 Bf8 20. Qd2 Ng7 21. Nd5 Bb7
22. Rad1 Bxd5 23. cxd5 c4 24. d6 cxb3 25. axb3 g5 26. Qf2 gxf4 27. Bxf4 Ne6 28.
Bd5 Bg7 29. Bg3 Qb6 30. Qxb6 Rxb6 31. Rc1 Rd8 32. Bh4 Rdb8 33. Bxe6 fxe6 34.
Rc7 R6b7 35. Rxb7 Rxb7 36. Bg3 Rxb3 37. Kg2 Kf7 38. Rc1 Rb2+ 39. Kf1 Rb7 0-1

[Event "FIDE World Cup 2021"]
[Site "Krasnaya Polyana RUS"]
[Date "2021.07.13"]
[Round "1.2"]
[White "Minero Pineda, Sergio"]
[Black "Pichot, Alan"]
[Result "0-1"]
[WhiteElo "2365"]
[BlackElo "2630"]
[PlyCount "106"]
[EventDate "2021.07.12"]

1. d4 Nf6 2. c4 e6 3. Nf3 d5 4. g3 dxc4 5. Bg2 a6 6. Ne5 Bb4+ 7. Nc3 Nd5 8. Bd2
Nb6 9. e3 N8d7 10. Nxd7 Qxd7 11. Ne4 a5 12. O-O O-O 13. Qc2 Qb5 14. Rfc1 Bd7
15. Bxb4 axb4 16. Nd2 Rxa2 17. Rxa2 b3 18. Qb1 bxa2 19. Qxa2 Ra8 20. Qb1 Ra4
21. Bf1 Bc6 22. b3 Rb4 23. Qb2 Qd5 24. e4 c3 25. Rxc3 Qd6 26. Rd3 Bb5 27. e5
Qd8 28. Qa3 Qf8 29. Nc4 Nxc4 30. bxc4 Bxc4 31. Rc3 Bxf1 32. Kxf1 c6 33. Rd3
Rb1+ 34. Kg2 Qd8 35. Qa2 Qd5+ 36. Qxd5 cxd5 37. h4 h5 38. Kf3 Kh7 39. Rc3 b5
40. Rc7 Kg6 41. Rb7 b4 42. Ke3 b3 43. Kf3 f6 44. Kf4 b2 45. exf6 gxf6 46. Rb6
Kf7 47. Rb7+ Ke8 48. Kf3 e5 49. Rb8+ Kd7 50. dxe5 fxe5 51. g4 d4 52. gxh5 d3
53. Rb3 Ke6 0-1

[Event "FIDE World Cup 2021"]
[Site "Krasnaya Polyana RUS"]
[Date "2021.07.13"]
[Round "1.2"]
[White "Yilmaz, Mustafa"]
[Black "Omar, Noaman"]
[Result "1/2-1/2"]
[WhiteElo "2630"]
[BlackElo "2367"]
[PlyCount "121"]
[EventDate "2021.07.12"]

1. d4 Nf6 2. c4 e6 3. Nc3 Bb4 4. Qc2 d5 5. a3 Bxc3+ 6. Qxc3 O-O 7. Bg5 c5 8.
dxc5 d4 9. Qf3 Nc6 10. O-O-O e5 11. e3 Bg4 12. Bxf6 Bxf3 13. Bxd8 Bxd1 14. Bc7
Bh5 15. b4 Rfc8 16. Bd6 dxe3 17. fxe3 f6 18. Ne2 a5 19. b5 Nd8 20. Nc3 Nf7 21.
Na4 Re8 22. h3 Rad8 23. g4 Bg6 24. Bc7 Rc8 25. Bb6 e4 26. Kc2 Ne5 27. Kb3 Nd3
28. Be2 f5 29. Bxa5 f4 30. Bxd3 exd3 31. exf4 Re3 32. Bd2 Re2 33. Rd1 Bf7 34.
f5 Re4 35. Rc1 Re2 36. Kc3 Ra8 37. Nb6 Rxa3+ 38. Kb4 Ra2 39. c6 bxc6 40. bxc6
Rb2+ 41. Kc5 Rbxd2 42. c7 Re8 43. Rc3 g6 44. c8=Q Rxc8+ 45. Nxc8 Rc2 46. Ne7+
Kf8 47. Nxg6+ hxg6 48. Rxd3 Bxc4 49. Rd8+ Ke7 50. Rh8 g5 51. Kd4 Bf7 52. Rh6
Kf8 53. h4 Rc4+ 54. Ke5 Rxg4 55. hxg5 Rxg5 56. Kf6 Rg7 57. Rh1 Bg8 58. Ra1 Rf7+
59. Kg5 Kg7 60. Re1 Ra7 61. Re7+ 1/2-1/2

[Event "FIDE World Cup 2021"]
[Site "Krasnaya Polyana RUS"]
[Date "2021.07.13"]
[Round "1.2"]
[White "Tissir, Mohamed"]
[Black "Paravyan, David"]
[Result "0-1"]
[WhiteElo "2379"]
[BlackElo "2625"]
[PlyCount "72"]
[EventDate "2021.07.12"]

1. e4 c5 2. Nc3 Nc6 3. Bb5 g6 4. Bxc6 bxc6 5. d3 Bg7 6. Nge2 d5 7. O-O Nf6 8.
h3 O-O 9. Qe1 e5 10. f3 Be6 11. b3 Nd7 12. Na4 f5 13. c4 Rf7 14. cxd5 cxd5 15.
exd5 Bxd5 16. Be3 Bc6 17. Nec3 Bxa4 18. bxa4 Nf8 19. Rc1 Ne6 20. Qd1 Rb8 21.
Qc2 Nd4 22. Bxd4 cxd4 23. Nb5 Bh6 24. Rb1 Rc8 25. Qb3 a6 26. Na3 Rc3 27. Qb2
Rxd3 28. Nc4 Qc7 29. Qb8+ Qxb8 30. Rxb8+ Rf8 31. Rb7 Bf4 32. Re7 Rc3 33. Nb6
Rd8 34. Rb1 Rc1+ 35. Rxc1 Bxc1 36. Rxe5 d3 0-1

[Event "FIDE World Cup 2021"]
[Site "Krasnaya Polyana RUS"]
[Date "2021.07.13"]
[Round "1.2"]
[White "Mareco, Sandro"]
[Black "Khader, Sami"]
[Result "1-0"]
[WhiteElo "2629"]
[BlackElo "2382"]
[PlyCount "103"]
[EventDate "2021.07.12"]

1. e4 c6 2. Nf3 d5 3. d3 g6 4. e5 c5 5. c3 d4 6. cxd4 cxd4 7. Be2 Nc6 8. O-O
Bg7 9. Bf4 f6 10. exf6 Nxf6 11. Ne5 Nd5 12. Nxc6 bxc6 13. Bg3 O-O 14. Nd2 e5
15. Rc1 Rb8 16. Nc4 Nf4 17. Bf3 Be6 18. Bxc6 Bxc4 19. Rxc4 Rxb2 20. Rc2 Rb8 21.
Bxf4 Rxf4 22. Be4 Bf8 23. g3 Rf6 24. Qg4 Bd6 25. h4 Kh8 26. h5 gxh5 27. Qxh5
Qe7 28. Kg2 Rbf8 29. Rh1 h6 30. Rb1 Qf7 31. Qe2 Qg7 32. Rb7 R6f7 33. Rxf7 Qxf7
34. Rc6 Qf6 35. Ra6 Qe7 36. Qg4 Rf6 37. Bd5 Qf8 38. f3 e4 39. Bxe4 Qe7 40. Rc6
Qg7 41. Qxg7+ Kxg7 42. Rc4 Be7 43. Rc7 Kf8 44. Rxa7 Rb6 45. a4 Bc5 46. Ra8+ Kg7
47. a5 Rb1 48. Rc8 Bd6 49. a6 Ra1 50. Rc6 Bb8 51. Rb6 Be5 52. f4 1-0

[Event "FIDE World Cup 2021"]
[Site "Krasnaya Polyana RUS"]
[Date "2021.07.13"]
[Round "1.2"]
[White "Sousa, Andre Ventura"]
[Black "Ponkratov, Pavel"]
[Result "0-1"]
[WhiteElo "2390"]
[BlackElo "2629"]
[PlyCount "144"]
[EventDate "2021.07.12"]

1. e4 e5 2. Nf3 Nc6 3. Bc4 Nf6 4. Ng5 d5 5. exd5 b5 6. Bf1 Nxd5 7. Bxb5 Bb7 8.
d4 exd4 9. O-O Be7 10. Nf3 O-O 11. c3 dxc3 12. Nxc3 Ncb4 13. Nxd5 Nxd5 14. Bd2
Bd6 15. Qc2 Qf6 16. Ng5 Qh6 17. g3 Be7 18. h4 Bxg5 19. hxg5 Nb4 20. gxh6 Nxc2
21. hxg7 Rfd8 22. Bc3 Nxa1 23. Rxa1 Bf3 24. Re1 Rd1 25. Rxd1 Bxd1 26. f4 Bg4
27. Kf2 Rd8 28. Ke3 Rd6 29. Be5 Rb6 30. a4 c5 31. Bc4 Rg6 32. Bd3 Rh6 33. a5
Bc8 34. Bc4 Be6 35. Bb5 Rg6 36. Kf2 f6 37. Bd6 Rxg7 38. a6 c4 39. Bc6 Bc8 40.
Bb5 Be6 41. Bc6 f5 42. Bb8 c3 43. bxc3 Bc4 44. Bb7 Rg6 45. Bxa7 Bxa6 46. Bd5+
Kf8 47. c4 Bc8 48. c5 Bd7 49. Bb8 Bc6 50. Bc4 Be4 51. Bd6+ Ke8 52. Bb5+ Kd8 53.
Bf8 Rf6 54. Bg7 Rg6 55. Bf8 Kc8 56. Be7 Rg7 57. Bf6 Ra7 58. Bc4 Kc7 59. Be6 Kc6
60. Bd4 Ra3 61. Be3 Rc3 62. Bf7 Rc2+ 63. Kf1 Bf3 64. Bd4 Be2+ 65. Ke1 Bc4 66.
Kd1 Bd3 67. Bg8 Rg2 68. Bxh7 Rxg3 69. Kd2 Be4 70. Ke2 Kd5 71. Bf6 Ke6 72. Bh4
Rg7 0-1

[Event "FIDE World Cup 2021"]
[Site "Krasnaya Polyana RUS"]
[Date "2021.07.13"]
[Round "1.2"]
[White "Hesham, Abdelrahman"]
[Black "Adly, Ahmed"]
[Result "1-0"]
[WhiteElo "2397"]
[BlackElo "2625"]
[PlyCount "143"]
[EventDate "2021.07.12"]

1. d4 Nf6 2. c4 e6 3. Nf3 Bb4+ 4. Nbd2 O-O 5. a3 Be7 6. e4 d6 7. Be2 Nfd7 8.
Nf1 c5 9. d5 exd5 10. cxd5 Bf6 11. Ne3 Re8 12. Qc2 Nf8 13. O-O Ng6 14. Rb1 a6
15. b4 Nd7 16. Nc4 Qe7 17. Be3 cxb4 18. axb4 b5 19. Na5 Qxe4 20. Bd3 Qxd5 21.
Rfd1 Qe6 22. Qc6 Rb8 23. Bxg6 fxg6 24. Ba7 Qf7 25. Re1 Rf8 26. Bxb8 Nxb8 27.
Qxd6 Bg4 28. Qg3 Bf5 29. Rbd1 Nd7 30. Nd4 Nb6 31. Nxf5 gxf5 32. Qd6 Nc4 33.
Nxc4 bxc4 34. Qxa6 c3 35. b5 Bg5 36. Re2 Bd2 37. Rexd2 cxd2 38. Rxd2 Re8 39. h3
Qb3 40. Qc6 Qe6 41. Qxe6+ Rxe6 42. Rb2 Rb6 43. Kf1 Kf7 44. Ke2 Ke6 45. Ke3 Ke5
46. h4 g6 47. Rb1 h6 48. Rb2 f4+ 49. Kd3 Kd5 50. Rb1 g5 51. h5 Rd6 52. b6 Kc6+
53. Ke4 Kb7 54. Rb2 Rf6 55. Ke5 Rc6 56. f3 Kb8 57. Kf5 Kb7 58. Re2 Rc5+ 59. Kg6
Rc6+ 60. Kf7 Rxb6 61. Re6 Rb2 62. Rxh6 Rxg2 63. Rg6 g4 64. fxg4 f3 65. h6 f2
66. Rf6 Rxg4 67. Rxf2 Rh4 68. Rf6 Kc7 69. Kg7 Kd7 70. h7 Ke7 71. Rh6 Rg4+ 72.
Rg6 1-0

[Event "FIDE World Cup 2021"]
[Site "Krasnaya Polyana RUS"]
[Date "2021.07.13"]
[Round "1.2"]
[White "Bok, Benjamin"]
[Black "Abdyjapar, Asyl"]
[Result "1/2-1/2"]
[WhiteElo "2624"]
[BlackElo "2403"]
[PlyCount "228"]
[EventDate "2021.07.12"]

1. d4 d5 2. c4 c6 3. Nf3 Nf6 4. Nc3 dxc4 5. a4 Bf5 6. e3 e6 7. Bxc4 Bb4 8. O-O
Nbd7 9. Qe2 Bg6 10. e4 O-O 11. Bd3 a5 12. e5 Nd5 13. Bxg6 fxg6 14. Ng5 Qe7 15.
Qg4 Rae8 16. Nce4 h6 17. Nf3 Qf7 18. Bd2 Qf5 19. Qxf5 gxf5 20. Bxb4 Nxb4 21.
Nd6 Rb8 22. Rfc1 Rfd8 23. Ne1 c5 24. dxc5 Nxe5 25. Ra3 f4 26. g3 b6 27. gxf4
Ng6 28. Rf3 bxc5 29. Ne4 Rd4 30. Nxc5 Nxf4 31. Kf1 Nbd5 32. b3 e5 33. Nd7 Re8
34. Rc4 Rd1 35. Re4 Re7 36. Nb6 Nxb6 37. Rfxf4 Nd7 38. Rf3 Nf6 39. Rc4 e4 40.
Re3 Re5 41. h3 Rb1 42. f3 Rf5 43. Kg2 exf3+ 44. Nxf3 Nd5 45. Re5 Rxe5 46. Rc8+
Kf7 47. Nxe5+ Ke6 48. Nd3 Kf5 49. Re8 Kf6 50. Rd8 Ne7 51. Rd6+ Kg5 52. Rb6 Nf5
53. Rb5 g6 54. Ne5 Rb2+ 55. Kf1 Ne3+ 56. Ke1 Kh4 57. Nxg6+ Kxh3 58. Rxa5 Rxb3
59. Ke2 Kg3 60. Ra8 Nc4 61. Rg8 Re3+ 62. Kd1 Nb2+ 63. Kd2 Ra3 64. Ne7+ Kf4 65.
Rh8 Kg5 66. Rg8+ Kf6 67. Rg6+ Kxe7 68. Rxh6 Nxa4 69. Ra6 Kd7 70. Ra7+ Kc6 71.
Ra5 Kb6 72. Ra8 Kb5 73. Rb8+ Kc4 74. Rc8+ Nc5 75. Ke2 Rh3 76. Kd2 Kd5 77. Rd8+
Ke5 78. Re8+ Ne6 79. Ke2 Kd5 80. Kd2 Rh6 81. Ke3 Ke5 82. Kd3 Kd5 83. Ke3 Rf6
84. Ra8 Nc7 85. Rd8+ Ke5 86. Rc8 Rf7 87. Kd3 Rh7 88. Ke3 Nd5+ 89. Ke2 Rh2+ 90.
Kf3 Rh3+ 91. Kf2 Nf6 92. Ke2 Ra3 93. Rb8 Nd7 94. Re8+ Kf4 95. Kd2 Ne5 96. Rf8+
Ke4 97. Re8 Ra6 98. Kc3 Rc6+ 99. Kd2 Rc7 100. Re6 Rc8 101. Re7 Kd4 102. Rh7
Nf3+ 103. Ke2 Ke4 104. Re7+ Ne5 105. Kd2 Rh8 106. Kc3 Rh3+ 107. Kc2 Kd4 108.
Rc7 Rh6 109. Rc8 Nc6 110. Rg8 Kc4 111. Kd2 Re6 112. Rc8 Kd4 113. Rh8 Re4 114.
Rc8 Ne5 1/2-1/2

[Event "FIDE World Cup 2021"]
[Site "Krasnaya Polyana RUS"]
[Date "2021.07.13"]
[Round "1.2"]
[White "Murshed, Niaz"]
[Black "Delgado Ramirez, Neuris"]
[Result "1-0"]
[WhiteElo "2404"]
[BlackElo "2622"]
[PlyCount "77"]
[EventDate "2021.07.12"]

1. Nf3 Nf6 2. c4 e6 3. Nc3 Bb4 4. Qc2 c5 5. a3 Bxc3 6. Qxc3 O-O 7. b4 b6 8. Bb2
d6 9. g4 a5 10. b5 e5 11. g5 Ne8 12. Rg1 Ra7 13. h4 f5 14. O-O-O Re7 15. e3 Nd7
16. h5 Nc7 17. d4 cxd4 18. exd4 e4 19. Nh4 Qe8 20. Bh3 Nb8 21. h6 Qh5 22. hxg7
Rxg7 23. d5 Ne8 24. Qg3 f4 25. Qh2 Qe2 26. Rd2 Qxc4+ 27. Rc2 Qxd5 28. Rxc8 Rc7+
29. Rxc7 Nxc7 30. g6 h5 31. Nf5 Rxf5 32. Bxf5 Qxf5 33. Qh4 Nd5 34. Qd8+ Qf8 35.
Qxf8+ Kxf8 36. g7+ Kg8 37. Rg5 Ne7 38. Bf6 e3 39. fxe3 1-0